[Event "FIDE World Rapid Team"]
[Site "London ENG"]
[Date "2025.06.13"]
[Round "10.7"]
[White "Badacsonyi, Frankie"]
[Black "O`donnell, Conor"]
[Result "1/2-1/2"]
[WhiteElo "1947"]
[BlackElo "2195"]
[EventDate "2025.06.11"]
[Board "4"]

1. d4 d5 2. c4 e6 3. Nc3 Nf6 4. Bg5 dxc4 5. e3 c5 6. dxc5 Nbd7 7. c6 bxc6
8. Bxc4 Qa5 9. Bxf6 Nxf6 10. Ne2 Be7 11. Qa4 Qb6 12. O-O O-O 13. Qc2 c5 14.
Rfd1 Rb8 15. b3 Bb7 16. Ng3 Qc6 17. Bf1 h5 18. h3 g6 19. Na4 Rfc8 20. Rac1
Nd5 21. Nb2 Bd6 22. Ne2 Bf8 23. Nc4 Qc7 24. Nc3 Ba8 25. Na4 Bc6 26. Nc3 Ba8
27. Na4 Bc6 28. Nc3 Rd8 29. Ne2 a5 30. g3 Ra8 31. Bg2 a4 32. Nf4 axb3 33.
axb3 Nxf4 34. exf4 Bxg2 35. Kxg2 h4 36. Rxd8 Rxd8 37. Rd1 Qb7+ 38. Kh2
hxg3+ 39. fxg3 Rb8 40. Rd3 Ra8 41. h4 Qe4 42. Rd2 Qe1 43. Re2 Qf1 44. Rf2
Qe1 45. Re2 Qf1 46. Rf2 Qe1 47. Re2 1/2-1/2

[Event "FIDE World Rapid Team"]
[Site "London ENG"]
[Date "2025.06.13"]
[Round "10.7"]
[White "Jaufarally, Nadia"]
[Black "Hng, Mei-En Emmanuelle"]
[Result "1/2-1/2"]
[WhiteElo "1901"]
[BlackElo "1994"]
[EventDate "2025.06.11"]
[Board "5"]

1. e4 d6 2. d4 Nf6 3. Nc3 g6 4. Be3 Bg7 5. f3 c6 6. Qd2 b5 7. a4 b4 8. Nce2
a5 9. h4 h5 10. Nh3 Nbd7 11. Ng5 Nb6 12. Nf4 Qc7 13. Be2 O-O 14. O-O e5 15.
dxe5 dxe5 16. Nfh3 Bxh3 17. Nxh3 Rfd8 18. Qe1 c5 19. Qf2 Rac8 20. Ba6 Ra8
21. Bb5 Bf8 22. Rfd1 Be7 23. Rac1 Rac8 24. Ng5 Nh7 25. Nxh7 Kxh7 26. Rf1
Nd7 27. Bc4 Rf8 28. Rcd1 Nf6 29. Bc1 Kg7 30. Qe3 Ng8 31. g3 Rcd8 32. Qb3
Rd4 33. Be3 Nf6 34. c3 Rd7 35. Bb5 Rd6 36. Rxd6 Bxd6 37. Rd1 Rd8 38. Rd2
Be7 39. Qd1 Rxd2 40. Qxd2 Qd6 41. Qxd6 Bxd6 42. cxb4 axb4 43. a5 Bc7 44.
Bxc5 Bxa5 45. Bd6 Ng8 46. Bxe5+ f6 47. Bd6 g5 48. Be8 gxh4 49. gxh4 Bb6+
50. Kg2 b3 51. Bxh5 Bd4 52. Ba3 Ne7 53. Be8 Ng6 54. Ba4 Nxh4+ 55. Kg3 Ng6
56. Bxb3 Be5+ 57. Kf2 Bd4+ 58. Ke2 Nf4+ 59. Kd2 f5 60. exf5 Kf6 61. Bc2 Ke5
62. Bf8 Kd5 63. b4 Kc4 64. Bd6 Bc3+ 65. Kd1 Nd5 66. b5 Kxb5 67. Bb3 Ne3+
68. Ke2 Nxf5 69. Bf8 1/2-1/2

[Event "FIDE World Rapid Team"]
[Site "London ENG"]
[Date "2025.06.13"]
[Round "10.7"]
[White "Jain, Gautam"]
[Black "Camp, Imogen A L"]
[Result "1-0"]
[WhiteElo "1918"]
[BlackElo "1805"]
[EventDate "2025.06.11"]
[Board "6"]

1. e4 e5 2. Nf3 Nc6 3. Bb5 a6 4. Ba4 Nf6 5. Qe2 b5 6. Bb3 Be7 7. O-O O-O 8.
a4 b4 9. a5 d6 10. h3 Nb8 11. d4 exd4 12. Nxd4 c5 13. Nf5 Bxf5 14. exf5 d5
15. Re1 Bd6 16. Bg5 c4 17. Ba4 Nbd7 18. Nd2 Qc7 19. Bxd7 Nxd7 20. Qf3 Qc5
21. f6 Nxf6 22. Bxf6 gxf6 23. Qxf6 Rfe8 24. Nf3 Be7 25. Qf5 d4 26. Re5 Qc8
27. Qxc8 Raxc8 28. Rae1 Kf8 29. Nxd4 Bf6 30. Rxe8+ Rxe8 31. Rxe8+ Kxe8 32.
Nf5 Bxb2 33. Nd6+ Ke7 34. Nxc4 Bd4 35. Kf1 Ke6 36. Ke2 Kd5 37. Nd2 Be5 38.
Kd3 Kc5 39. g4 Kb5 40. h4 Bc7 41. Nc4 1-0

[Event "FIDE World Rapid Team"]
[Site "London ENG"]
[Date "2025.06.13"]
[Round "10.8"]
[White "Kogan, Arthur"]
[Black "Bjerre, Jonas Buhl"]
[Result "0-1"]
[WhiteElo "2455"]
[BlackElo "2546"]
[EventDate "2025.06.11"]
[Board "1"]

1. d4 Nf6 2. c4 e6 3. Nf3 Bb4+ 4. Bd2 Qe7 5. g3 Bxd2+ 6. Qxd2 Nc6 7. Nc3 d5
8. Ne5 dxc4 9. Nxc6 bxc6 10. Bg2 O-O 11. O-O Rb8 12. Na4 Rd8 13. Qa5 Rb5
14. Qc3 Qb4 15. b3 cxb3 16. axb3 Qxc3 17. Nxc3 Rxb3 18. Rfc1 a6 19. e3 c5
20. dxc5 Kf8 21. c6 e5 22. h3 h5 23. Ra5 Rd3 24. Ne4 Nxe4 25. Bxe4 Rd2 26.
Rxe5 Bxh3 27. Rxh5 Be6 28. Ra5 Rbb2 29. Rxa6 Rxf2 30. Rb1 Ke7 31. Ra7 Kd6
32. Rd1+ Ke5 33. Bh1 Rfe2 34. Ra5+ Kf6 35. Rf1+ Ke7 36. Re5 Rb3 37. Rf3 Kd6
38. Rg5 Re1+ 39. Kh2 Rb2+ 0-1

[Event "FIDE World Rapid Team"]
[Site "London ENG"]
[Date "2025.06.13"]
[Round "10.8"]
[White "Jacobsen, Mikkel Manosri"]
[Black "Krivenko, Dion"]
[Result "1/2-1/2"]
[WhiteElo "2169"]
[BlackElo "2221"]
[EventDate "2025.06.11"]
[Board "2"]

1. d4 Nf6 2. Nf3 g6 3. Bf4 d6 4. c3 Bg7 5. Nbd2 Nc6 6. e4 O-O 7. h3 e5 8.
dxe5 dxe5 9. Be3 Nh5 10. Bc4 Nf4 11. O-O Qf6 12. Re1 g5 13. Bxf4 gxf4 14.
Kh2 Ne7 15. a4 Ng6 16. a5 c6 17. Qe2 h5 18. b4 Bg4 19. Qf1 Rfd8 20. Ra2 Rd7
21. Kh1 Rad8 22. b5 Nh4 23. a6 Bxf3 24. Nxf3 Nxf3 25. gxf3 cxb5 26. Bxb5
Rc7 27. Bc4 b6 28. Kh2 Rdc8 29. Ra4 Qh4 30. Kg2 Qg5+ 31. Kh2 Qh4 32. Kg2
Qg5+ 33. Kh2 Qh4 1/2-1/2

[Event "FIDE World Rapid Team"]
[Site "London ENG"]
[Date "2025.06.13"]
[Round "10.8"]
[White "Sason, Noam"]
[Black "Muetsch, Annmarie"]
[Result "0-1"]
[WhiteElo "2077"]
[BlackElo "2188"]
[EventDate "2025.06.11"]
[Board "3"]

1. e4 d6 2. d4 Nf6 3. Nc3 e5 4. Nf3 Nbd7 5. Bc4 Be7 6. Ng5 O-O 7. Bxf7+
Rxf7 8. Ne6 Qe8 9. Nxc7 Qd8 10. Nxa8 b6 11. O-O Ba6 12. Nxb6 Qxb6 13. Re1
exd4 14. Na4 Qa5 15. c4 Ne5 16. Bf4 Bb7 17. b4 Qa6 18. b5 Qa5 19. c5 dxc5
20. Bxe5 Nxe4 21. Bg3 Qxb5 22. Rb1 Qc6 23. f3 Nxg3 24. hxg3 Bg5 25. Qb3 c4
26. Qa3 Be3+ 27. Rxe3 dxe3 28. Rd1 h6 29. Re1 Rxf3 30. Qc5 Rf1+ 0-1

[Event "FIDE World Rapid Team"]
[Site "London ENG"]
[Date "2025.06.13"]
[Round "10.8"]
[White "Loftgaard, Mikkel Vinh"]
[Black "Blokhin, Sofia"]
[Result "1-0"]
[WhiteElo "2160"]
[BlackElo "2099"]
[EventDate "2025.06.11"]
[Board "4"]

1. e4 c5 2. Nf3 d6 3. Bb5+ Bd7 4. Bxd7+ Qxd7 5. O-O Nc6 6. c3 Nf6 7. d4
Nxe4 8. d5 Ne5 9. Re1 Nxf3+ 10. Qxf3 Nf6 11. c4 O-O-O 12. b4 cxb4 13. a3 b3
14. Qxb3 g6 15. Nc3 Bg7 16. Be3 Kb8 17. Nb5 a6 18. Nd4 Rc8 19. Qb6 Rc5 20.
Rab1 Kc8 21. Nb3 Rc7 22. Qa7 Kd8 23. Bb6 Ke8 24. Bxc7 Qxc7 25. Nd4 Nd7 26.
Rxb7 Bxd4 27. Rxc7 Bxa7 28. Rc8# 1-0

[Event "FIDE World Rapid Team"]
[Site "London ENG"]
[Date "2025.06.13"]
[Round "10.8"]
[White "Agafonov, Yuri Dr"]
[Black "Jalving, August"]
[Result "1/2-1/2"]
[WhiteElo "1987"]
[BlackElo "1893"]
[EventDate "2025.06.11"]
[Board "5"]

1. d4 Nf6 2. Nf3 e6 3. g3 c5 4. Bg2 Nc6 5. O-O d5 6. b3 Be7 7. Bb2 O-O 8.
Nbd2 a5 9. dxc5 Bxc5 10. c4 d4 11. a3 e5 12. Qc2 Qe7 13. Ng5 h6 14. Nge4
Nxe4 15. Nxe4 Ba7 16. c5 Bf5 17. Rac1 Rfd8 18. Rfd1 Rac8 19. Qc4 Be6 20.
Qb5 Bb8 21. b4 axb4 22. axb4 f5 23. Nd2 Qf7 24. Qa4 Na7 25. Qa1 Nb5 26. Qa5
Na7 27. Qa1 Nc6 28. b5 Na7 29. Qa4 Bd7 30. c6 bxc6 31. bxc6 Be6 32. Nc4 e4
33. Rxd4 Rxd4 34. Bxd4 Nxc6 35. Nb6 Nxd4 36. Rxc8+ Bxc8 37. Qxd4 Be6 38.
Qd8+ Qf8 39. Qxf8+ Kxf8 40. Na4 Ba7 41. e3 Ke7 42. Bf1 Kd6 43. h4 Bb3 44.
Nc3 Kc5 45. Ne2 Ba4 46. Nd4 Bd7 47. Bh3 Kd5 48. Bxf5 Bxd4 49. Bxd7 Bc3 50.
Kg2 Ke5 51. Kf1 Kd6 52. Bc8 Ke5 53. Ke2 g5 54. h5 Bb4 55. Kf1 Bc5 56. Kg2
Bb4 57. Kh3 Bc5 1/2-1/2

[Event "FIDE World Rapid Team"]
[Site "London ENG"]
[Date "2025.06.13"]
[Round "10.8"]
[White "McCallum, Elliot"]
[Black "Kiritshenko, Platon"]
[Result "1-0"]
[WhiteElo "1831"]
[BlackElo "1732"]
[EventDate "2025.06.11"]
[Board "6"]

1. e4 c5 2. c3 d5 3. exd5 Qxd5 4. d4 Nf6 5. Nf3 Bf5 6. Be3 cxd4 7. cxd4
Bxb1 8. Rxb1 e6 9. Qc2 Nc6 10. a3 Be7 11. Bc4 Qd8 12. O-O O-O 13. b4 Rc8
14. Qe2 Qc7 15. Rfc1 Qd7 16. Ne5 Qd8 17. Rd1 Qc7 18. Rbc1 Qd8 19. Qf3 Nd5
20. Bxd5 exd5 21. Nxc6 bxc6 22. Qg4 Kh8 23. Rc3 Qe8 24. Rdc1 a6 25. Qe2 a5
26. b5 f5 27. Bf4 c5 28. dxc5 d4 29. Rc4 Qd8 30. Qd3 Bf6 31. b6 Qd5 32. c6
g5 33. b7 gxf4 34. bxc8=Q Rxc8 35. Qf3 Qd6 36. c7 d3 37. Qb7 Qd7 38. Qc6
Qe7 39. Qd5 Qxa3 40. Qxf5 Qf8 41. Qxd3 Qe8 42. Qe4 Qe5 43. Qxe5 Bxe5 44.
Rd1 Bf6 45. Rb1 Be5 46. Rb8 Rxb8 47. cxb8=Q+ Bxb8 48. Rc8+ 1-0

[Event "FIDE World Rapid Team"]
[Site "London ENG"]
[Date "2025.06.13"]
[Round "10.1"]
[White "Sagalchik, Gennadij"]
[Black "Sava, Robert-Gabriel"]
[Result "0-1"]
[WhiteElo "2434"]
[BlackElo "2132"]
[EventDate "2025.06.11"]
[Board "1"]

1. d4 d5 2. c4 c6 3. Nc3 Nf6 4. e3 e6 5. Nf3 Nbd7 6. Bd3 Bd6 7. O-O O-O 8.
e4 dxc4 9. Bxc4 e5 10. h3 h6 11. Re1 Qc7 12. Bf1 Rd8 13. Be3 exd4 14. Nxd4
Ne5 15. f4 Neg4 16. hxg4 Nxg4 17. Qf3 Nxe3 18. Qxe3 Bxf4 19. Qf2 Bg3 20.
Qe3 Bf4 21. Qf2 Bg3 22. Qe3 Bxe1 23. Rxe1 Qb6 24. Nb3 Qxe3+ 25. Rxe3 b6 26.
Rd3 Be6 27. Kf2 Rxd3 28. Bxd3 Rd8 29. Ke3 c5 30. Nd2 g5 31. a3 Kg7 32. Nb5
Rd7 33. Nf3 f6 34. Nd2 h5 35. Nc3 h4 36. Bb5 Re7 37. Kf3 f5 38. exf5 Bxf5
39. Nde4 g4+ 40. Kf4 Bxe4 41. Nxe4 h3 42. gxh3 gxh3 43. Bc6 h2 44. Ng3 Re1
45. Bd5 Rd1 46. Be4 c4 47. Ke3 Re1+ 48. Kf3 h1=Q+ 0-1

[Event "FIDE World Rapid Team"]
[Site "London ENG"]
[Date "2025.06.13"]
[Round "10.1"]
[White "Rusu, Lucas"]
[Black "Atlas, Valery"]
[Result "0-1"]
[WhiteElo "2130"]
[BlackElo "2419"]
[EventDate "2025.06.11"]
[Board "2"]

1. e4 c5 2. Nf3 e6 3. d4 cxd4 4. Nxd4 Nc6 5. Nc3 d6 6. Be3 Nf6 7. Be2 Be7
8. O-O O-O 9. Qd2 a6 10. a4 Qc7 11. Nb3 b6 12. f3 Bb7 13. Qe1 Nd7 14. Rd1
Nc5 15. Nd4 Bf6 16. Qf2 Rfd8 17. Rd2 Rd7 18. Rfd1 Rad8 19. Qf1 h6 20. Kh1
Nb4 21. Qf2 d5 22. exd5 Nxd5 23. Nxd5 Bxd5 24. b3 Bb7 25. Bc4 Kh8 26. Bf1
Rd5 27. Kg1 Rh5 28. g3 Rhd5 29. Bg2 R5d7 30. Ne2 Rxd2 31. Rxd2 Rxd2 32.
Bxd2 Nd7 33. c4 Nc5 34. Nc1 Qd8 35. Qe2 Qd4+ 36. Qe3 Qb2 37. Qf4 Be5 38.
Qxf7 Qxd2 39. Qe8+ Kh7 40. b4 Bd4+ 41. Kh1 Qxc1+ 0-1

[Event "FIDE World Rapid Team"]
[Site "London ENG"]
[Date "2025.06.13"]
[Round "10.1"]
[White "Slavin, Gennadie"]
[Black "Badescu, Matei-Andrei"]
[Result "1-0"]
[WhiteElo "2207"]
[BlackElo "1961"]
[EventDate "2025.06.11"]
[Board "3"]

1. e4 c5 2. Nf3 d6 3. c3 Nf6 4. g3 g6 5. Bg2 Bg7 6. O-O O-O 7. Re1 Nc6 8.
h3 d5 9. e5 Ne8 10. d4 Bf5 11. dxc5 Bxb1 12. Rxb1 e6 13. b4 a6 14. Bf4 Nc7
15. Nd4 Qe8 16. a4 h6 17. h4 Qe7 18. Bf1 g5 19. hxg5 hxg5 20. Bd2 Nxe5 21.
Qh5 f6 22. f4 gxf4 23. gxf4 Nc4 24. Bd3 f5 25. Re2 Qf7 26. Qh3 Rae8 27. Rh2
Qg6+ 28. Rg2 Qh7 29. Qg3 Rf6 30. Nf3 Nxd2 31. Nxd2 Rh6 32. Nf3 Kh8 33. Kf2
Rg8 34. Rbg1 Ne8 35. Ne5 Rf6 36. Ng6+ Rxg6 37. Qxg6 Bd4+ 38. cxd4 Rxg6 39.
Rxg6 Qh4+ 40. Kg2 Kh7 41. Rg3 Nf6 42. Rh1 Qxh1+ 43. Kxh1 1-0

[Event "FIDE World Rapid Team"]
[Site "London ENG"]
[Date "2025.06.13"]
[Round "10.1"]
[White "Sava, Christiansen-Danut-Eugen"]
[Black "Arakhamia-Grant, Ketevan"]
[Result "0-1"]
[WhiteElo "1971"]
[BlackElo "2267"]
[EventDate "2025.06.11"]
[Board "4"]

1. d4 Nf6 2. Nf3 g6 3. c4 Bg7 4. Nc3 O-O 5. Bg5 c5 6. d5 d6 7. e3 Na6 8.
Be2 Nc7 9. a4 b6 10. O-O a6 11. Nd2 Rb8 12. e4 h6 13. Bh4 e5 14. f4 exf4
15. e5 dxe5 16. Nde4 g5 17. Nxg5 hxg5 18. Bxg5 Qd6 19. Bxf6 Qxf6 20. Ne4
Qg6 21. Nf2 Ne8 22. Bh5 Qh6 23. Ra3 Nd6 24. Ng4 Bxg4 25. Bxg4 f5 26. Rh3
Qg5 27. Be2 Rbd8 28. Kh1 Ne4 29. b4 cxb4 30. c5 bxc5 31. d6 Nxd6 32. Qd5+
Nf7 33. Qxc5 Rd2 34. Qc4 Qg6 35. g3 Rd4 36. Qb3 Qc6+ 37. Bf3 e4 38. Bh5 f3
39. g4 Qc4 40. Qb1 Ng5 41. Rg3 f4 42. Rgg1 Nh3 43. g5 Nxg1 44. Rxg1 Rfd8
45. Qe1 Qe2 46. Qh4 Rd1 47. Bf7+ Kf8 0-1

[Event "FIDE World Rapid Team"]
[Site "London ENG"]
[Date "2025.06.13"]
[Round "10.1"]
[White "Gluhovsky, Mark"]
[Black "Badescu, Eliza-Ioana"]
[Result "1-0"]
[WhiteElo "2136"]
[BlackElo "1789"]
[EventDate "2025.06.11"]
[Board "5"]

1. e4 c6 2. Nf3 d5 3. d3 Bg4 4. h3 Bxf3 5. Qxf3 e6 6. g3 Bc5 7. Bg2 Nd7 8.
O-O dxe4 9. dxe4 Ngf6 10. Nd2 O-O 11. Qe2 Qe7 12. e5 Nd5 13. c3 Bb6 14. Kh2
Rfd8 15. h4 Nc5 16. Nc4 Bc7 17. Bg5 f6 18. exf6 Nxf6 19. Rae1 h6 20. Bc1
Nd5 21. Qg4 Nf6 22. Qg6 Kh8 23. Bh3 Qe8 24. Qc2 Qh5 25. f4 Ng4+ 26. Bxg4
Qxg4 27. Be3 Nd3 28. Rd1 Qf5 29. Bd4 Rxd4 30. cxd4 Nb4 31. Qxf5 exf5 32.
Rfe1 Nxa2 33. Re7 Bb6 34. Ra1 Nb4 35. Nxb6 Rd8 36. Rxa7 Rxd4 37. Raxb7 Nc2
38. Rbd7 Rb4 39. Re8+ Kh7 40. h5 Rxb2 41. Rdd8 Ne3+ 42. Kh3 Ng4 43. Rh8#
1-0

[Event "FIDE World Rapid Team"]
[Site "London ENG"]
[Date "2025.06.13"]
[Round "10.1"]
[White "Platschek, Luca"]
[Black "Slavin, Daniel J"]
[Result "0-1"]
[WhiteElo "1827"]
[BlackElo "1851"]
[EventDate "2025.06.11"]
[Board "6"]

1. f4 g6 2. Nf3 Bg7 3. e3 d5 4. d4 Nc6 5. c4 Nf6 6. Nc3 b6 7. Qa4 Bd7 8.
cxd5 Ne5 9. Qd1 Nxf3+ 10. gxf3 O-O 11. e4 e6 12. dxe6 Bxe6 13. Be3 Nh5 14.
Qd2 Qh4+ 15. Kd1 f5 16. Bf2 Qxf4 17. Qxf4 Nxf4 18. e5 Rad8 19. Kc2 Nd5 20.
a3 f4 21. Bd3 c6 22. Be4 Bf5 23. Rhe1 Bxe4+ 24. Rxe4 Bh6 25. e6 Rde8 26.
Rae1 Rf5 27. Nxd5 Rxd5 28. Kc3 g5 29. Re5 Kf8 30. Rxd5 cxd5 31. Kb4 Ke7 32.
Re5 Kd6 33. Kb5 Re7 34. Be1 Rxe6 35. Rxe6+ Kxe6 36. Ka6 Bg7 37. Bf2 Kd6 38.
Kxa7 Kc6 39. Ka6 Bf6 40. b4 b5 41. h3 h5 42. Ka7 h4 43. Kb8 Be7 44. Kc8 Bf6
45. Kb8 Be7 46. Ka7 Kc7 47. Ka6 Kc6 48. Ka5 Bd8+ 49. Ka6 Be7 50. Be1 Bf6
51. Bf2 Be7 52. Bg1 Bf6 53. Bf2 Bd8 54. Be1 Bc7 55. a4 bxa4 56. b5+ Kd7 57.
Bb4 g4 58. fxg4 f3 59. Be1 Bg3 60. b6 Bxe1 61. b7 Bg3 0-1

[Event "FIDE World Rapid Team"]
[Site "London ENG"]
[Date "2025.06.13"]
[Round "10.2"]
[White "Eilenberg, Jonas"]
[Black "Turner, Matthew J"]
[Result "0-1"]
[WhiteElo "2279"]
[BlackElo "2506"]
[EventDate "2025.06.11"]
[Board "1"]

1. d4 Nf6 2. c4 c6 3. Nf3 d5 4. e3 Bg4 5. Qb3 Qb6 6. Nh4 Nbd7 7. Bd2 e5 8.
c5 Qc7 9. h3 Be6 10. Nc3 exd4 11. exd4 Nxc5 12. dxc5 d4 13. Qc2 dxc3 14.
Bxc3 Nd5 15. Bd3 Qe7 16. Nf3 Nxc3 17. bxc3 Bxh3+ 18. Kf1 Be6 19. Nd4 O-O-O
20. Re1 Qxc5 21. Rxe6 Rxd4 22. Re8+ Rd8 23. Rxd8+ Kxd8 24. Qb3 Qd5 25.
Qxd5+ cxd5 26. Rh5 g6 27. Rxd5+ Kc7 28. g3 Bd6 29. a4 Re8 30. c4 b6 31. a5
Bc5 32. g4 Rd8 33. Rxd8 Kxd8 34. a6 Ke7 35. Ke2 Kd6 36. f4 h5 37. gxh5 gxh5
38. Kf3 Bb4 39. Be4 Kc5 40. Bd5 f6 41. Bf7 h4 42. Kg4 Be1 43. Bd5 Bf2 44.
Be6 Kd4 45. Kf3 Be1 46. Bd5 h3 47. Bb7 Kxc4 48. Kg4 h2 49. Kh3 Bd2 50. Kxh2
Bxf4+ 51. Kg2 b5 52. Kf3 Be5 53. Ke2 Kc3 54. Kd1 f5 55. Kc1 f4 56. Kb1 Kd3
57. Ka2 Ke2 58. Kb3 f3 59. Bxf3+ Kxf3 60. Kb4 Ke4 0-1

[Event "FIDE World Rapid Team"]
[Site "London ENG"]
[Date "2025.06.13"]
[Round "10.2"]
[White "Parker, Jonathan F"]
[Black "Yatskar, Martin"]
[Result "0-1"]
[WhiteElo "2506"]
[BlackElo "2223"]
[EventDate "2025.06.11"]
[Board "2"]

1. d4 d5 2. c4 e6 3. Nc3 c5 4. e3 Nf6 5. Nf3 a6 6. a3 dxc4 7. dxc5 Qxd1+ 8.
Kxd1 Bxc5 9. Bxc4 b5 10. Bd3 Bb7 11. Ke2 Nbd7 12. b4 Bd6 13. Rd1 Ke7 14.
Bb2 Ne5 15. Nxe5 Bxe5 16. f4 Bd6 17. g3 Rac8 18. Rac1 h5 19. e4 e5 20. Nd5+
Nxd5 21. fxe5 Bb8 22. exd5 Bxd5 23. Bxb5 Rxc1 24. Bxc1 Be6 25. Bc6 Bxe5 26.
Be3 f6 27. Bc5+ Kf7 28. Bd5 h4 29. Kf3 hxg3 30. hxg3 Rh2 31. Bxe6+ Kxe6 32.
Rb1 g5 33. b5 axb5 34. Rxb5 f5 35. Bf2 g4+ 36. Ke3 Rh3 37. Rb6+ Ke7 38.
Rb7+ Ke6 39. Rb6+ Kd7 40. Rb5 Ke6 41. Rb6+ Kf7 42. Rb5 Kf6 43. Rb6+ Kg5 44.
Ke2 Bxg3 45. Rb3 Rh2 46. Rxg3 f4 47. Rg1 g3 48. Rf1 Kg4 49. Ke1 f3 50. a4
Kf4 51. Bxg3+ Kxg3 52. Rg1+ Rg2 53. Kf1 Kh2 0-1

[Event "FIDE World Rapid Team"]
[Site "London ENG"]
[Date "2025.06.13"]
[Round "10.2"]
[White "Kunz, Andre"]
[Black "Dishman, Stephen"]
[Result "1/2-1/2"]
[WhiteElo "2128"]
[BlackElo "2266"]
[EventDate "2025.06.11"]
[Board "3"]

1. e4 c6 2. d4 d5 3. Nd2 dxe4 4. Nxe4 Bf5 5. Ng3 Bg6 6. h4 h6 7. Nh3 Nf6 8.
Nf4 Bh7 9. Bc4 e6 10. O-O Bd6 11. Re1 O-O 12. c3 Nd5 13. Bxd5 cxd5 14. Qg4
Kh8 15. Nfh5 Rg8 16. Bf4 Nc6 17. Re3 Ne7 18. Qf3 Nf5 19. Nxf5 Bxf5 20. Bxd6
Qxd6 21. Ng3 g6 22. Rae1 Rad8 23. Re5 h5 24. Nxf5 exf5 25. Re7 Rd7 26. Qe3
Kg7 27. Rxd7 Qxd7 28. Qe5+ Kh7 29. Qe7 Rd8 30. Re5 Kg7 31. Qc5 b6 32. Qe7
a5 33. a3 Qd6 34. g3 Rd7 35. Qxd6 1/2-1/2

[Event "FIDE World Rapid Team"]
[Site "London ENG"]
[Date "2025.06.13"]
[Round "10.2"]
[White "Lishoy Gengis Paratazham, Dildarav"]
[Black "Stein, Theodor"]
[Result "1-0"]
[WhiteElo "2035"]
[BlackElo "1933"]
[EventDate "2025.06.11"]
[Board "4"]

1. e4 d6 2. d4 Nf6 3. Nc3 g6 4. g3 Bg7 5. Bg2 O-O 6. Nge2 e5 7. O-O exd4 8.
Nxd4 Bd7 9. h3 Nc6 10. Be3 Nxd4 11. Bxd4 c5 12. Be3 Bc6 13. Bf4 Re8 14. Re1
Re6 15. Qd3 Nh5 16. Be3 Qe8 17. Nd5 Rc8 18. Rab1 b5 19. b3 b4 20. h4 Bb5
21. Qd1 Re5 22. c4 bxc3 23. Nxc3 Ba6 24. Qxd6 Re6 25. Qd2 Rd8 26. Nd5 Bb7
27. Qc2 Bxd5 28. exd5 Re7 29. Qd2 Qd7 30. Bxc5 Rxe1+ 31. Rxe1 Nf6 32. d6
Qf5 33. b4 Bf8 34. Rd1 a5 35. a3 axb4 36. axb4 Ne8 37. d7 Nf6 38. Bxf8 Rxd7
39. Bd6 Ne8 40. Qd5 Rxd6 41. Qb3 Rf6 42. Qe3 Re6 43. Qd2 Rd6 44. Qe2 Rxd1+
45. Qxd1 Qb5 46. Qd4 h5 47. Bf1 Qb8 48. b5 Ng7 49. Bd3 Ne6 50. Qe3 Nc7 51.
Qc5 Ne6 52. Qe3 Nc7 53. Qe5 Qb6 54. Bc4 Qa5 55. Qe7 Qa1+ 56. Kh2 Ne6 57.
Bxe6 fxe6 58. Qxe6+ Kh7 59. Qf7+ Kh6 60. Qf8+ Kh7 61. Qe7+ Kh6 62. b6 Qb2
63. Qe3+ Kh7 64. Kg2 Qg7 65. Qe4 Qf8 66. b7 Kg7 67. Qe5+ Kh7 68. b8=Q Qf7
69. Qbh8# 1-0

[Event "FIDE World Rapid Team"]
[Site "London ENG"]
[Date "2025.06.13"]
[Round "10.2"]
[White "Ho, Ngoc Hai-Dang"]
[Black "Dishman, Matthew"]
[Result "1/2-1/2"]
[WhiteElo "1981"]
[BlackElo "1901"]
[EventDate "2025.06.11"]
[Board "5"]

1. e4 e5 2. Nf3 Nc6 3. Bc4 Bc5 4. c3 Nf6 5. d3 d6 6. Nbd2 O-O 7. Bb3 a6 8.
h3 Ba7 9. Nf1 Be6 10. Ng3 h6 11. O-O d5 12. Qe2 d4 13. c4 Nd7 14. Ba4 Rb8
15. Bxc6 bxc6 16. b3 Bc5 17. Bd2 Ba3 18. Nh2 Qh4 19. Nf3 Qe7 20. Nh2 Qh4
21. Qe1 c5 22. f4 exf4 23. Rxf4 Qe7 24. Qe2 Bb4 25. Raf1 Bxd2 26. Qxd2 Ne5
27. Nf5 Bxf5 28. Rxf5 Rb6 29. Nf3 Nxf3+ 30. R1xf3 g6 31. R5f4 Kg7 32. Rf1
Qe5 33. Qf2 Qe7 34. Qf3 Re6 35. Qg3 Qg5 36. Qf2 Qe7 37. g4 Re5 38. Rf6 Re6
39. Rxe6 Qxe6 40. Qf4 c6 41. Kg2 Re8 42. h4 Re7 43. g5 h5 44. Qf6+ Kg8 45.
Qf4 Kg7 46. Qf6+ Kg8 47. Qf3 Kg7 48. Qg3 Qd7 49. Rf6 Re6 50. Qf4 Qe7 51.
Rxe6 Qxe6 52. e5 Kg8 53. Kg3 Qd7 54. Kg2 Qe6 55. Kg3 Qd7 56. Qf3 Qe6 57.
Qf4 1/2-1/2

[Event "FIDE World Rapid Team"]
[Site "London ENG"]
[Date "2025.06.13"]
[Round "10.2"]
[White "Regan, Natasha K"]
[Black "Schuster, Rebekka"]
[Result "0-1"]
[WhiteElo "1905"]
[BlackElo "1874"]
[EventDate "2025.06.11"]
[Board "6"]

1. Nf3 e6 2. c4 f5 3. d3 Nf6 4. Nc3 Be7 5. e4 fxe4 6. dxe4 O-O 7. e5 Ne8 8.
Bd3 Nc6 9. Qe2 b6 10. h4 Bb7 11. Ng5 g6 12. Nxh7 Rf5 13. Bxf5 exf5 14. Ng5
Ng7 15. Nd5 Nd4 16. Qd3 Nde6 17. Nxe6 Nxe6 18. Nxe7+ Qxe7 19. Qg3 Kg7 20.
h5 g5 21. h6+ Kh7 22. Bd2 Be4 23. Bc3 Nc5 24. Rh5 Nd3+ 25. Kf1 g4 26. Rd1
Qc5 27. Rxd3 Qxc4 28. Ke2 f4 29. b3 f3+ 30. Ke3 Qxd3+ 31. Kf4 Rf8+ 32. Kxg4
Rg8+ 33. Rg5 Rxg5+ 34. Kxg5 fxg2 35. Kf6 Qxg3 0-1

[Event "FIDE World Rapid Team"]
[Site "London ENG"]
[Date "2025.06.13"]
[Round "10.3"]
[White "Zakarian, David"]
[Black "Gallana, Marco"]
[Result "0-1"]
[WhiteElo "2277"]
[BlackElo "2232"]
[EventDate "2025.06.11"]
[Board "1"]

1. e4 c5 2. b3 Nc6 3. Bb2 e5 4. Bb5 d6 5. Ne2 Nf6 6. Nbc3 g6 7. O-O Bg7 8.
f4 exf4 9. Nxf4 O-O 10. Rb1 Nd4 11. Bd3 Ng4 12. Ncd5 Bd7 13. c3 Nc6 14. Be2
Qh4 15. h3 Nf6 16. Nxf6+ Bxf6 17. d4 cxd4 18. cxd4 Rae8 19. Nd5 Bg7 20. Rf4
Qd8 21. Bg4 Be6 22. Qd3 Bxd5 23. exd5 Ne7 24. Qc4 h5 25. Bf3 Nf5 26. Be4
Bh6 27. Rxf5 gxf5 28. Bxf5 Be3+ 29. Kh1 Qg5 30. Rf1 Bf4 31. Bc1 Bxc1 32.
Qxc1 Re3 33. Bb1 Rfe8 34. Qc7 R8e7 35. Qxd6 Re1 36. Qd8+ Kg7 37. Rg1 Rxg1+
38. Kxg1 Re1+ 0-1

[Event "FIDE World Rapid Team"]
[Site "London ENG"]
[Date "2025.06.13"]
[Round "10.3"]
[White "Villiers, Thomas"]
[Black "Kiremitciyan, Ari"]
[Result "1-0"]
[WhiteElo "2108"]
[BlackElo "2165"]
[EventDate "2025.06.11"]
[Board "2"]

1. e4 c6 2. d4 d5 3. Nd2 g6 4. Ngf3 Bg7 5. c3 dxe4 6. Nxe4 Nf6 7. Bd3 O-O
8. h3 Nxe4 9. Bxe4 c5 10. dxc5 Qc7 11. Be3 Nd7 12. c6 bxc6 13. Qe2 e5 14.
O-O Nf6 15. Bc2 Nd5 16. Rfe1 Bb7 17. Bc5 Rfe8 18. Ng5 a5 19. Ne4 Rad8 20.
Rad1 f5 21. Nd6 Rxd6 22. Bxd6 Qxd6 23. c4 Ba6 24. Ba4 Qc5 25. Rxd5 cxd5 26.
Bxe8 Qxc4 27. Qxc4 Bxc4 28. b3 Bd3 29. Rc1 Kf8 30. Rc7 e4 31. Bc6 d4 32.
Bd5 Be5 33. Rc8+ Ke7 34. Bc4 Bb1 35. Rc5 Bd6 36. Rxa5 d3 37. a4 f4 38. Rd5
Bb4 39. Re5+ Kd6 40. Rxe4 d2 41. Rd4+ Ke5 42. Rd5+ Ke4 43. Kf1 Bc2 44. f3+
Ke3 45. Be2 Bc3 46. a5 Bd4 47. Rd7 d1=Q+ 48. Bxd1 Bxd1 49. Re7+ Kd2 50. a6
Bxb3 51. g4 Bc4+ 52. Kg2 Bxa6 53. Rxh7 Be3 54. h4 Ke1 55. h5 Bf1+ 56. Kh2
gxh5 57. gxh5 Kf2 58. h6 Kxf3 59. Rd7 Bf2 60. h7 Bg3+ 61. Kg1 Bb5 62. Rd2
Be1 63. h8=Q Bxd2 64. Qh3+ Ke2 65. Qf1+ 1-0